000 01159nam a2200325 a 4500
001
003 DO-SdBNP
005 20220512101445.0
008 100913s2014 dr 000 0 spa d
020 _a9789945457483
040 _aBPMSU
_bspa
_cBPMSU
082 _a972.9302
_bU47h
_222
100 1 _aUtrea Cipriano de
_d1916-
_cFray
245 1 0 _a Historia militar de Santo Domingo :
_bdocumentos y noticias /
_cFray Cipriano de Utrera.
250 _a2a. ed.
260 _aSanto Domingo :
_bBibliófilos-Banreservas,
_c2014
300 _av. ;
_c23 cm.
_b
490 0 _aBibliófilos-Banreservas,
_v10
500 _aIncluye referencias bibliográficas y notas al pie de las páginas
500 _aIncluye datos biográficos del autor en la solapa de la cubierta.
590 _aInventariado, 2022/ VM
650 4 _aIsla española
_z(Haití y República Dominicana)
_xHistoria.
651 4 _aAntillas
_xHistoria
651 4 _aLa española
_xHistoria
_yColonia, 1503-1795
651 4 _aSanto Domingo (República Dominicana)
_xHistoria
710 2 _aSociedad Dominicana de Bibliófilos
830 0 _aDidáctica
_n1
910 _aVMateo
942 _2ddc
_cBK
999 _c14202
_d14202